LDR 00673naa#a2200169#i#450# 001 EN\INFRA-M\bibl\118176 005 20260501185813.5 011 ## _a2305-7807 100 ## _a20260227b2026####ek#y0engy0150####ca 102 ## _aRU 200 1# _aManaging the Development of the Youth Entrepreneurship Ecosystem in Russia: Institutional Asymmetry of Universities _eJournal article 210 1# _aMoscow _cINFRA-M Academic Publishing LLC. _d2026 215 ## _a5 с. 608 ## _aJournal article _2local 675 ## _aИндустриальная социология. Социология предпринимательства. 316.334.23 _z 700 #1 _aYakovleva _gTamara Vladimirovna 856 4# _azh-szf.ru _u